Vzťah a substitučné procesy medzi medzinárodným obchodom a zahraničnými investíciami v predvstupovom procese

Príjem priamych zahraničných investícií /PZI/ do exportujúcich odvetví. Nutnosť vytvorenia príťažlivého prostredia pre PZI a exportérov.

Salvato in:
Dettagli Bibliografici
Autore principale: Babišová, Martina
Natura: Capitolo di libro
Lingua:slovacco
Soggetti:
Tags: Aggiungi Tag
Nessun Tag, puoi essere il primo ad aggiungerne!!

MARC

LEADER 00000naa$a2200000$$$4500
001 0002514
005 20230825103213.9
041 0 |a slo 
044 |a SK 
245 1 0 |a Vzťah a substitučné procesy medzi medzinárodným obchodom a zahraničnými investíciami v predvstupovom procese  |c aut. Martina Babišová 
520 |a Príjem priamych zahraničných investícií /PZI/ do exportujúcich odvetví. Nutnosť vytvorenia príťažlivého prostredia pre PZI a exportérov. 
610 2 0 |a Slovensko 
610 2 0 |a investície priame zahraničné 
610 2 0 |a trh vnútorný 
610 2 0 |a trh zahraničný 
610 2 0 |a ochrana trhu 
610 2 0 |a konkurencieschopnosť 
100 1 |a Babišová, Martina